Convivendo com as diferenças (Record no. 48507)

MARC details
000 -LÍDER
campo de controle de tamanho fixo 00302 a2200121 4500
001 - NÚMERO DE CONTROLE
campo de controle 48507
040 ## - FONTE DA CATALOGAÇÃO
Instituição que transcreveu o registro Anchieta - Bela Vista
100 ## - ENTRADA PRINCIPAL--NOME PESSOAL
Nome pessoal Galrão, Martha
240 10 - TÍTULO UNIFORME
Título uniforme Convivendo com as diferenças
Idioma da obra por
245 10 - TÍTULO
Título Convivendo com as diferenças
650 #4 - ASSUNTO--TERMO TÓPICO
Cabeçalho tópico ou nome geográfico Literatura infanto-juvenil
942 ## - ELEMENTOS DE ENTRADA ADICIONADOS (KOHA)
Tipo de material Koha Livros
Holdings
Situação do descarte Situação das perdas Situação física Não pode ser emprestado Biblioteca de origem Biblioteca atual Data de aquisição Total de empréstimos Número de chamada completo Código de barras Data de último acesso Data do preço efetivo Tipo de material Koha
        Colégio Anchieta - Bela Vista Colégio Anchieta - Bela Vista 21/11/2023   028.5 G178c GAL CON 571/BEL 21/11/2023 21/11/2023 Livros